| 000 | 01077nam a22002537a 4500 | ||
|---|---|---|---|
| 005 | 20170124103110.0 | ||
| 010 | _aA-270990 | ||
| 020 | _c42.00 | ||
| 035 | _aA-270990 | ||
| 037 | _bCen Lib/Ret | ||
| 040 |
_aDPL _bHN |
||
| 082 |
_a230.1 _bमिश्रवि |
||
| 100 |
_aमिश्र, विद्यानिवास _9130 |
||
| 245 |
_aमहाभारत का काव्यार्थ / _cविद्यानिवास मिश्र |
||
| 246 |
_aMahabharat ka kavyarth / _bby Vidhyanivas Mishra |
||
| 260 |
_aनयी दिल्ली _bनेशनल पब्लिशिंग हाउस _c1985 |
||
| 270 |
_bनयी दिल्ली _a23, दरियागंज _e110002 |
||
| 300 |
_a127पृ. _c20सेमी(सजिल्द) |
||
| 650 |
_aहिन्दू - धर्म _91413 |
||
| 650 |
_aमहाभारत -- काव्य चयन _93169 |
||
| 650 |
_aHindu religion _979283 |
||
| 650 |
_aMahabharata - Poetry Selection _979284 |
||
| 942 |
_2ddc _cHN _h230.1 _mमिश्रवि |
||
| 999 |
_c118287 _d118287 |
||